Стильові особливості американської лірики середини XX століття (Record no. 283988)
[ view plain ]
| 000 -LEADER | |
|---|---|
| fixed length control field | 01957nam a22001577a 4500 |
| 041 ## - LANGUAGE CODE | |
| Language code of text/sound track or separate title | ukr |
| 080 ## - UNIVERSAL DECIMAL CLASSIFICATION NUMBER | |
| Universal Decimal Classification number | 09 |
| 090 ## - LOCALLY ASSIGNED LC-TYPE CALL NUMBER (OCLC); LOCAL CALL NUMBER (OCLC) | |
| Local cutter number (OCLC) ; Book number/undivided call number, CALL (RLIN) | КОВ |
| 100 ## - MAIN ENTRY--PERSONAL NAME | |
| Personal name | Коваленко О.М. |
| 245 ## - TITLE STATEMENT | |
| Title | Стильові особливості американської лірики середини XX століття |
| 260 ## - PUBLICATION, DISTRIBUTION, ETC. (IMPRINT) | |
| Place of publication, distribution, etc | Острог |
| Name of publisher, distributor, etc | КАФ |
| Date of publication, distribution, etc | 2007 |
| 300 ## - PHYSICAL DESCRIPTION | |
| Extent | 71 |
| 520 ## - SUMMARY, ETC. | |
| Summary, etc | Вступ.<br/>Розділ 1. Емма Андієвська як представниця Нью-Йоркської поетичної школи.<br/>1.1. Основні мотиви у ліриці Емми Андієвської.<br/>1.2. Структурні та мовленнєві особливості поетичних творів Емми Андієвської.<br/>1.3. Гіпертекст як стилістичний вияв сюрреалістичного світобачення.<br/>Розділ 2. Вплив експресіоналізму на творчість поетів школи Блек Маутин.<br/>2.1. Філософськіконцепції як підґрунтя творчості Роберта Крілі.<br/>2.2. Вираження філософських настроїв покоління за допомогою експерементальних прийомів побудови вірша.<br/>Розділ 3. Особливості американського сюрреалізму: творчість Марка Стренда.<br/>3.1. Ідейно-філософський базис сюрреалізму.<br/>3.2. Автоматичне письмо як засіб втілення основних концепцій сюрреалістичного світобачення.<br/>3.3. Стильовий аспект сюрреалістичних творів Марка Стренда.<br/>Висновки. |
| -- | Емма Андієвська, експресіонізм, сюрреалізм, Стренд |
| 650 ## - SUBJECT ADDED ENTRY--TOPICAL TERM | |
| Topical term or geographic name as entry element | Research Papers |
| 942 ## - ADDED ENTRY ELEMENTS (KOHA) | |
| Koha item type | Books |
| Withdrawn status | Lost status | Source of classification or shelving scheme | Damaged status | Not for loan | Home library | Current library | Date acquired | Source of acquisition | Cost, normal purchase price | Total Checkouts | Full call number | Barcode | Date last seen | Price effective from | Koha item type |
|---|---|---|---|---|---|---|---|---|---|---|---|---|---|---|---|
| Universal Decimal Classification | ВІЛ - Відділ іноземн. літератури НБ | ВІЛ - Відділ іноземн. літератури НБ | 16/04/2009 | Акт №1 | 1.00 | 09 | 213565 | 20/12/2021 | 16/04/2009 | Books |